Top 10 U.S. States by Democratic Party Support - Statistics

General Stats
  • This quiz has been taken 81,401 times
    28,856 since last reset
  • The average score is 8 of 10
Answer Stats
% State % Correct
+20.4 California
98%
+18.3 Washington
89%
+14.3 Oregon
85%
+31.2 Vermont
83%
+24.8 Massachusetts
80%
+13.7 Rhode Island
79%
+14.4 Connecticut
76%
+14.7 Delaware
70%
+27.7 Maryland
70%
+23.1 Hawaii
66%
No matching quizzes found
Score Distribution
Percent of People with Each Score
Percentile by Number Answered
Your Score History
You have not taken this quiz since the last reset